000 00333nam a2200121Ia 4500
005 20251223000717.0
008 251222s9999||||xx |||||||||||||| ||spa||
082 _a610/M36
245 0 _aClaves para la Transformación de los Sistemas de Salud en América Latina.
250 _a1ra.ed.
264 _bGobierno de Navarra
942 _cLIB
999 _c41521
_d41521